{"text_format":"3","workbook":"xlsx","n_sheets":1,"sheets":["材料控制价"],"not_rendered":{"defined_names":3},"read":"whole","date_system":"1900"}

{"sheet":"材料控制价","index":0,"n_rows":38,"n_cols":9,"rows_kept":38,"merged":[[0,0,0,8],[1,0,2,0],[1,1,2,1],[1,2,2,2],[1,3,2,3],[1,4,2,4],[1,5,1,6],[1,7,1,8],[36,0,36,5],[37,0,37,8]]}
["蒙顶山精准旅游扶贫项目《皇茶制作体验中心》勘察、设计、施工（EPC）总承包电缆采购报价表"]
["序号","项目名称","项目特征描述","计量\r\n单位","工程量","控制价（不含税）",null,"供应商报价（不含税）"]
[{"$nulls":5},"综合单价/元","合价/元","综合单价/元","合价/元"]
[1,"旗舰店电梯电缆","WDZ-YJY-（5x16.0）","米",295,55.13,{"$f":"ROUND(E4*F4,2)","v":16263.35}]
[2,"旗舰店照明电缆","WDZ-YJY-（4X95.0+1X50.0）","米",278,265,{"v":73670,"d":"73670.00"}]
[3,"旗舰店总坪配电柜电缆","ZR-YJV-0.6/1kv-(5x16)","米",296,58.91,17437.36]
[4,"厂房配电屏AP1电缆","WDZ-YJY （4X150+1X95）","米","2*206",440,{"$f":"ROUND(2*206*F7,2)","v":{"v":181280,"d":"181280.00"}}]
[5,"厂房配电屏AP4电缆","WDZ-YJY （4X150+1X95）","米","2*250",440,{"$f":"ROUND(2*250*F8,2)","v":{"v":220000,"d":"220000.00"}}]
[6,"厂房配电屏AP6电缆","WDZ-YJY （4X185+1X95）","米","2*324",539,{"$f":"ROUND(2*324*F9,2)","v":{"v":349272,"d":"349272.00"}}]
[7,"厂房配电屏AP3电缆","WDZ-YJY （4X95+1X50）","米",254,265,{"$f":"ROUND(E10*F10,2)","v":{"v":67310,"d":"67310.00"}}]
[8,"厂房配电屏AP5电缆","WDZ-YJY （4X95+1X50）","米",272,265,{"v":72080,"d":"72080.00"}]
[9,"厂房配电屏AP2电缆","WDZ-YJY （4X185.0+1X95.0）","米","2*180",539,{"$f":"ROUND(2*180*F12,2)","v":{"v":194040,"d":"194040.00"}}]
[10,"厂房照明电缆","WDZ-YJY-（4X35.0+1X16.0）","米",295,103,{"v":30385,"d":"30385.00"}]
[11,"厂房货梯电缆","WDZ-YJY-（4X35.0+1X16.0）","米",306,103,{"v":31518,"d":"31518.00"}]
[12,"总坪配电屏电缆","ZR-YJV-0.6/1kv-(5x16)","米",210,58.91,{"v":12371.1,"d":"12371.10"}]
[13,"厂房配电柜电缆AP1WP1","WDZ-YJY-1(4x50+1x25)","米",28,139,{"v":3892,"d":"3892.00"}]
[14,"厂房配电柜电缆AP1WP2","WDZ-YJY-1(4x35+1x16)","米",20,103,{"v":2060,"d":"2060.00"}]
[15,"厂房配电柜电缆AP1Wp3","WDZ-YJY-1(4x120+1x70)","米",34,352.16,11973.44]
[16,"厂房配电柜电缆AP2WP1","WDZ-YJY-1(4x240+1x120)","米",37,720.1,{"v":26643.7,"d":"26643.70"}]
[17,"厂房配电柜电缆AP2WP2","WDZ-YJY-1(4x50+1x25)","米",24,139,{"v":3336,"d":"3336.00"}]
[18,"厂房配电柜电缆AP3WP1","WDZ-YJY-1(4x35+1x16)","米",56,103,{"v":5768,"d":"5768.00"}]
[19,"厂房配电柜电缆AP3WP2","WDZ-YJY-1(4x35+1x16)","米",41,103,{"v":4223,"d":"4223.00"}]
[20,"厂房配电柜电缆AP3WP3","WDZ-YJY-1(4x25+1x16)","米",27,77.26,2086.02]
[21,"厂房配电柜电缆AP4WP1","WDZ-YJY-1(4x240+1x120)","米",33,720.1,{"v":23763.3,"d":"23763.30"}]
[22,"厂房配电柜电缆AP4WP2","WDZ-YJY-1(4x35+1x16)","米",19,103,{"v":1957,"d":"1957.00"}]
[23,"厂房配电柜电缆AP5WP1","WDZ-YJY-1(4x25+1x16)","米",51,77.26,3940.26]
[24,"厂房配电柜电缆AP5WP2","WDZ-YJY-1(4x35+1x16)","米",43,103,{"v":4429,"d":"4429.00"}]
[25,"厂房配电柜电缆AP5WP3","WDZ-YJY-1(5x16)","米",11,55.13,606.43]
[26,"厂房预留电源APdk2","WDZ-YJV（5x16）","米",120,55.13,{"v":6615.6,"d":"6615.60"}]
[27,"负一层预留电源APdk1","WDZ-YJV（4x70+1x35）","米",10,195,{"v":1950,"d":"1950.00"}]
[28,"厂房一层照明","WDZ-YJV（5x6）","米",54,24.66,1331.64]
[29,"厂房负一层照明","WDZ-YJV（5x6）","米",10,24.66,{"v":246.6,"d":"246.60"}]
[30,"厂房负二层照明","WDZ-YJV（5x6）","米",16,24.66,394.56]
[31,"总坪照明","ZR-YJV-0.6/1kv-(3x2.5)","米",674,5.9,{"v":3976.6,"d":"3976.60"}]
[32,"室外洗墙灯","ZR-YJV-0.6/1kv-(3x4)","米",184,8.86,1630.24]
[33,"室外洗墙灯","ZR-YJV-0.6/1kv-(2x4)","米",100,7.6,{"v":760,"d":"760.00"}]
["合计：",{"$nulls":5},{"$f":"ROUND(SUM(G4:G36),2)","v":{"v":1377210.2,"d":"1377210.20"}},"合计："]
["备注：\n    1.报价均保留小数点后两位。\n    2.以上数量为暂定数量、暂定总价（不含税）XXXX元；暂定含税总价 XXXX元，税率 X%，税额XXXX 元，结算实际发生的数量为准。\n    3.上述综合单价为不含税固定综合单价，包括但不限于人工费、材料费、机械费、管理费、利润、等一切费用。\n    4.税率如遇国家的税率下调，则价税合计相应调整，以开具发票的时间为准。\n\n\n                                                                         投标人：                    （盖章）\n                                                                        时  间：        年        月       日                                                       \n"]